00572nam a22001692 4500001001100000005001700011008004100028040001500069245011000084250001200194260004900206300001000255650003200265700004000297700003100337700003400368000001991620151021151136.0110311s xx 000 0 eng d aKABUcKABU13aUN reform :bWhat's in it for women? /cMavic Cabrera-Balleza, Tina Johnson and Liane Schalatek (editors) a1st ed. aNew York :bHeinrich Boll Foundation,c2006. a88 p. 0aWomen's rights.@00001530431 aCabrera-Balleza, Mavic.@00001799251 aJohnson, Tina.@00001799261 aSchalatek, Liane.@0000179927